00841nam a2200205 i 450000100060000000300090000600500170001500700030003200800410003510000380007624500980011426000730021230000310028549000400031671000360035683000450039285200340043799900170047195201470048869741ES-MaACL20250707073850.0t|040709s1956 sp ||||1| spa d1 aGarcía Gómez, Hilario.95469310aEstructura y función de la aponeurosis de los dedos de la mano /cHilario García Gómez. aSalamanca : b[Universidad de Salamanca], c1956 (eMadrid : fJura) a56 p., 6 lám. ; c24 cm.1 aActa Salmanticensia. Medicina ; v22 aUniversidad de Salamanca.9727500aActa Salmanticensia. Medicinav29182112 aES-MaACLj1980-F-13 bR.40693 c69741d69741 001040708Colección_de_folletosaATENEOMbATENEOMcDEPOFd2008-01-17eSCl0o1980-F-13p1073029r2023-02-23 00:00:00w2023-02-23yFOLLETOS